[Event "IV Integracyjny Turniej Szachowy "IDEA""]
[Site "Lubiewo k/Miedzyzdrojow"]
[Date "2015.05.29"]
[Round "6.4"]
[White "Bobrowski, Piotr"]
[Black "Anglart, Edward"]
[Result "1-0"]
[WhiteElo "2006"]
[BlackElo "1877"]
[Annotator "Kajetan Przysiecki"]
[PlyCount "34"]
[EventDate "2015.05.??"]
[EventType "swiss"]
[EventRounds "9"]
[EventCountry "POL"]
[Source "K. Przysiecki"]
[SourceDate "2015.05.25"]

1. c4 e5 2. g3 d6 3. Bg2 c6 4. Nc3 Nf6 5. e3 Be7 6. Nge2 Be6 7. b3 O-O 8. d4
Bg4 9. O-O Qd7 10. Ba3 Re8 11. Qc2 Bh3 12. Rfd1 Qg4 13. dxe5 dxe5 14. Bxe7 Rxe7
15. Rd8+ Re8 16. Rad1 Nbd7 17. Rxa8 Rxa8 {Ciag dalszy zapisu nieczytelny} 1-0

[Event "IV Integracyjny Turniej Szachowy "IDEA""]
[Site "Lubiewo k/Miedzyzdrojow"]
[Date "2015.05.29"]
[Round "6.6"]
[White "Naruszewicz, Lukasz"]
[Black "Najdzionek, Boleslaw"]
[Result "1-0"]
[WhiteElo "1769"]
[BlackElo "1801"]
[Annotator "Kajetan Przysiecki"]
[PlyCount "91"]
[EventDate "2015.05.??"]
[EventType "swiss"]
[EventRounds "9"]
[EventCountry "POL"]
[Source "K. Przysiecki"]
[SourceDate "2015.05.25"]

1. d4 Nf6 2. Nf3 d5 3. c3 Nc6 4. Qc2 g6 5. e3 Bg7 6. h3 a6 7. Nbd2 O-O 8. Bd3
Qe8 9. O-O Nd7 10. e4 dxe4 11. Bxe4 Nf6 12. Re1 Nxe4 13. Qxe4 Bf5 14. Qe3 Qd8
15. Nb3 a5 16. Bd2 b6 17. Nc1 Re8 18. Nd3 Bxd3 19. Qxd3 e6 20. Rad1 Qd7 21. Bg5
f6 22. Bh4 Ne7 23. Qc4 Nd5 24. Bg3 b5 25. Qd3 Nb6 26. Nd2 e5 27. Nb3 Rad8 28.
Nxa5 c5 29. Qc2 exd4 30. Rxe8+ Rxe8 31. cxd4 cxd4 32. Qc5 Na4 33. Qc2 f5 34.
Nb3 Rc8 35. Qd2 Rc4 36. Nc1 Qc8 37. Nd3 Rc2 38. Qb4 Qc6 39. Re1 h5 40. Qe7 Bf6
41. Qa7 Rd2 42. Ne5 Qe8 43. f3 h4 44. Nd7 Bd8 45. Nf6+ Bxf6 46. Rxe8# 1-0

[Event "IV Integracyjny Turniej Szachowy "IDEA""]
[Site "Lubiewo k/Miedzyzdrojow"]
[Date "2015.05.29"]
[Round "6.7"]
[White "Olszewski, Jerzy"]
[Black "Kusnierz, Janusz"]
[Result "1-0"]
[WhiteElo "1707"]
[BlackElo "1707"]
[Annotator "Kajetan Przysiecki"]
[PlyCount "81"]
[EventDate "2015.05.??"]
[EventType "swiss"]
[EventRounds "9"]
[EventCountry "POL"]
[Source "K. Przysiecki"]
[SourceDate "2015.05.25"]

1. e4 c5 2. g3 d6 3. Bg2 Nc6 4. Ne2 Nf6 5. d3 e6 6. O-O Be7 7. Nbc3 a6 8. h3
O-O 9. Bd2 Rb8 10. Qc1 e5 11. f4 b5 12. Kh2 Nd4 13. Rf2 b4 14. Nd1 Nxe2 15.
Rxe2 Bd7 16. b3 a5 17. a4 Nh5 18. fxe5 dxe5 19. Ne3 Nxg3 20. Kxg3 Bh4+ 21. Kh2
Qf6 22. Nf1 Qg6 23. Be1 Bg5 24. Qd1 f5 25. exf5 Qxf5 26. Bg3 Bf4 27. Bxf4 Qxf4+
28. Ng3 h5 29. Re4 Qg5 30. Qxh5 Qxh5 31. Nxh5 Rf2 32. Rg4 Bxg4 33. hxg4 Rxc2
34. Kg3 Rd8 35. Be4 Rb2 36. Kh4 Rh2+ 37. Kg5 Rd6 38. Ng3 Rf6 39. Rc1 Kf7 40.
Bd5+ Kf8 41. Rxc5 1-0

[Event "IV Integracyjny Turniej Szachowy "IDEA""]
[Site "Lubiewo k/Miedzyzdrojow"]
[Date "2015.05.29"]
[Round "6.8"]
[White "Muller, Marcin"]
[Black "Pociejowski, Marek"]
[Result "0-1"]
[WhiteElo "1576"]
[BlackElo "1840"]
[Annotator "Kajetan Przysiecki"]
[PlyCount "54"]
[EventDate "2015.05.??"]
[EventType "swiss"]
[EventRounds "9"]
[EventCountry "POL"]
[Source "K. Przysiecki"]
[SourceDate "2015.05.25"]

1. e4 Nf6 2. e5 Nd5 3. c4 Nb6 4. Nf3 d6 5. exd6 exd6 6. d4 Bf5 7. Bd3 Bxd3 8.
Qxd3 Be7 9. O-O O-O 10. Nc3 Nc6 11. d5 Ne5 12. Nxe5 dxe5 13. Be3 f5 14. f4 e4
15. Qe2 Bf6 16. Rad1 Qd7 17. g4 g6 18. g5 Bg7 19. Nb5 c6 20. dxc6 Qxc6 21. Rd6
Qxc4 22. Qxc4+ Nxc4 23. Bxa7 Nxd6 24. Bc5 Nxb5 25. Bxf8 Kxf8 26. b3 Rxa2 27.
Rc1 Ra1 0-1

[Event "IV Integracyjny Turniej Szachowy "IDEA""]
[Site "Lubiewo k/Miedzyzdrojow"]
[Date "2015.05.29"]
[Round "6.9"]
[White "Szczerbak, Stefan"]
[Black "Urban, Marek"]
[Result "1-0"]
[WhiteElo "1568"]
[BlackElo "1796"]
[Annotator "Kajetan Przysiecki"]
[PlyCount "37"]
[EventDate "2015.05.??"]
[EventType "swiss"]
[EventRounds "9"]
[EventCountry "POL"]
[Source "K. Przysiecki"]
[SourceDate "2015.05.25"]

1. Nf3 Nf6 2. g3 c6 3. Bg2 d5 4. d4 h6 5. Nbd2 Bf5 6. O-O Nbd7 7. c4 e6 8. a3
Be7 9. b4 O-O 10. Bb2 Qc7 11. Rc1 Qb8 12. Qb3 Ne4 13. cxd5 cxd5 14. Nxe4 Bxe4
15. Nd2 Bg6 16. e4 dxe4 17. Nxe4 Nf6 18. Nc5 Bxc5 19. dxc5 1-0

[Event "IV Integracyjny Turniej Szachowy "IDEA""]
[Site "Lubiewo k/Miedzyzdrojow"]
[Date "2015.05.29"]
[Round "6.10"]
[White "Dulinski, Stanislaw"]
[Black "Marszalek, Jakub"]
[Result "1-0"]
[WhiteElo "1692"]
[BlackElo "1477"]
[Annotator "Kajetan Przysiecki"]
[PlyCount "109"]
[EventDate "2015.05.??"]
[EventType "swiss"]
[EventRounds "9"]
[EventCountry "POL"]
[Source "K. Przysiecki"]
[SourceDate "2015.05.25"]

1. e4 Nc6 2. d4 e5 3. d5 Nce7 4. Bg5 a6 5. Nc3 d6 6. h3 f6 7. Bh4 Ng6 8. Bg3
Nh6 9. f3 Be7 10. Bd3 Bd7 11. b3 O-O 12. Nge2 b5 13. Qd2 b4 14. Nd1 a5 15. O-O
Qc8 16. a4 f5 17. Nf2 f4 18. Bh2 Nh4 19. Kh1 Rf6 20. Ng4 Nxg4 21. fxg4 Rh6 22.
Ng1 Qd8 23. Nf3 Ng6 24. Qe2 Bh4 25. Bb5 Bxg4 26. hxg4 Bg3 27. Kg1 Bxh2+ 28.
Nxh2 Qh4 29. Nf3 Qxg4 30. Nd4 Qh4 31. Nf5 Qg5 32. Nxh6+ Qxh6 33. Qg4 f3 34.
Rxf3 Qd2 35. Bd3 Nf4 36. Rf2 Qe3 37. Qf3 Qd4 38. Raf1 Rf8 39. Kh2 Rf6 40. Qg4
Rh6+ 41. Kg1 Rf6 42. Qc8+ Rf8 43. Qd7 h5 44. Kh2 h4 45. Rf3 Rf6 46. Qd8+ Kh7
47. Qxc7 Kh6 48. Qc4 Qa7 49. Qc8 Qf7 50. Qh8+ Kg5 51. g3 Nh5 52. Rf5+ Rxf5 53.
Rxf5+ Qxf5 54. gxh4+ Kxh4 55. exf5 1-0

[Event "IV Integracyjny Turniej Szachowy "IDEA""]
[Site "Lubiewo k/Miedzyzdrojow"]
[Date "2015.05.29"]
[Round "6.11"]
[White "Mirski, Jerzy"]
[Black "Ostrowski, Michal"]
[Result "1-0"]
[WhiteElo "1746"]
[BlackElo "1339"]
[Annotator "Kajetan Przysiecki"]
[PlyCount "99"]
[EventDate "2015.05.??"]
[EventType "swiss"]
[EventRounds "9"]
[EventCountry "POL"]
[Source "K. Przysiecki"]
[SourceDate "2015.05.25"]

1. Nf3 Nf6 2. d4 d5 3. c4 c5 4. cxd5 Nxd5 5. e4 Nc7 6. dxc5 Qxd1+ 7. Kxd1 Bg4
8. Be2 e6 9. Be3 Nc6 10. Nc3 Rd8+ 11. Kc2 a6 12. a3 Be7 13. h3 Bh5 14. Rad1 O-O
15. Rxd8 Rxd8 16. Rd1 Bg6 17. Rxd8+ Bxd8 18. Nd4 h6 19. Nxc6 bxc6 20. f4 Nb5
21. a4 Nxc3 22. Kxc3 Bxe4 23. Bf3 Bxf3 24. gxf3 a5 25. b4 axb4+ 26. Kxb4 Kf8
27. a5 Bxa5+ 28. Kxa5 Ke7 29. Kb6 Kd7 30. h4 h5 31. Bd2 f6 32. Bc3 g5 33. fxg5
fxg5 34. hxg5 h4 35. Be5 h3 36. Bh2 e5 37. Bxe5 Ke6 38. Bh2 Kf5 39. Kxc6 Kxg5
40. Kd5 Kf6 41. c6 Ke7 42. f4 Ke8 43. f5 Ke7 44. c7 Kd7 45. f6 Ke8 46. c8=Q+
Kf7 47. Qe6+ Kg6 48. f7+ Kg7 49. Be5+ Kh7 50. f8=N# 1-0

[Event "IV Integracyjny Turniej Szachowy "IDEA""]
[Site "Lubiewo k/Miedzyzdrojow"]
[Date "2015.05.29"]
[Round "7.1"]
[White "Kozicz, Andrzej"]
[Black "Seifert, Henryk"]
[Result "0-1"]
[WhiteElo "2049"]
[BlackElo "2157"]
[Annotator "Kajetan Przysiecki"]
[PlyCount "113"]
[EventDate "2015.05.??"]
[EventType "swiss"]
[EventRounds "9"]
[EventCountry "POL"]
[Source "K. Przysiecki"]
[SourceDate "2015.05.25"]

1. e4 c5 2. Nf3 e6 3. d4 cxd4 4. Nxd4 Nf6 5. Nc3 Nc6 6. Ndb5 Bb4 7. Nd6+ Ke7 8.
Nxc8+ Rxc8 9. Bd2 d5 10. exd5 Nxd5 11. Qg4 Kf8 12. Rd1 Nxc3 13. bxc3 Ba5 14.
Qa4 Qf6 15. Qa3+ Kg8 16. Be2 h6 17. O-O Kh7 18. Bd3+ g6 19. f4 Rhd8 20. Rf3
Bb6+ 21. Kh1 h5 22. Qc1 Rd5 23. c4 Rd7 24. Rdf1 Ne7 25. Rh3 Kg8 26. Qe1 Nf5 27.
Bc3 Bd4 28. Bd2 Rcd8 29. Qe2 b6 30. a4 a5 31. Qf3 Qe7 32. g4 hxg4 33. Qxg4 Kg7
34. Re1 Qf6 35. Qg5 Rh8 36. Rxh8 Qxg5 37. fxg5 Kxh8 38. Re4 Kg7 39. Kg2 e5 40.
c5 bxc5 41. Bxa5 c4 42. Bxc4 Ne3+ 43. Rxe3 Bxe3 44. Bb5 Rd1 45. h4 Bd2 46. Bb6
Bc3 47. Kf3 Rc1 48. Bd3 Ra1 49. Bb5 f6 50. gxf6+ Kxf6 51. Bd8+ Ke6 52. Bd3 Rxa4
53. Bxg6 Rf4+ 54. Ke2 e4 55. Bg5 Rg4 56. Bh7 Ke5 57. Bd8 0-1

[Event "IV Integracyjny Turniej Szachowy "IDEA""]
[Site "Lubiewo k/Miedzyzdrojow"]
[Date "2015.05.29"]
[Round "7.3"]
[White "Pojedziniec, Wladyslaw"]
[Black "Naruszewicz, Lukasz"]
[Result "1-0"]
[WhiteElo "2048"]
[BlackElo "1769"]
[Annotator "Kajetan Przysiecki"]
[PlyCount "100"]
[EventDate "2015.05.??"]
[EventType "swiss"]
[EventRounds "9"]
[EventCountry "POL"]
[Source "K. Przysiecki"]
[SourceDate "2015.05.25"]

1. d4 Nf6 2. c4 e6 3. Nc3 d5 4. Nf3 Be7 5. Bf4 c6 6. e3 Nbd7 7. h3 a5 8. Rc1
O-O 9. Bd3 Re8 10. O-O Nf8 11. a3 Ng6 12. Bh2 Bd6 13. Ne5 Bxe5 14. Bxe5 Nxe5
15. dxe5 Nd7 16. f4 f5 17. cxd5 Qb6 18. dxe6 Qxe3+ 19. Kh2 Nf8 20. Bxf5 Bxe6
21. Bxe6+ Nxe6 22. Qe1 Qxe1 23. Rcxe1 Nc5 24. Re2 Rad8 25. Rd1 Rxd1 26. Nxd1
Rd8 27. Nc3 Rd4 28. g3 b5 29. Rc2 Rc4 30. Rd2 b4 31. axb4 axb4 32. Nd1 Ne4 33.
Re2 b3 34. Ne3 Rc5 35. Kg2 Rc1 36. Kf3 Nc5 37. Rd2 Kf7 38. Rd1 Rxd1 39. Nxd1
Na4 40. Ke4 Nc5+ 41. Kd4 Nd7 42. Ne3 Nb6 43. Kc3 Nd7 44. Kd4 c5+ 45. Kd5 Nb6+
46. Kc6 Nd7 47. Nc4 Nxe5+ 48. Nxe5+ Kf6 49. Nd7+ Kf5 50. Nxc5 h5 1-0

[Event "IV Integracyjny Turniej Szachowy "IDEA""]
[Site "Lubiewo k/Miedzyzdrojow"]
[Date "2015.05.29"]
[Round "7.4"]
[White "Strzelecki, Jerzy"]
[Black "Bobrowski, Piotr"]
[Result "1-0"]
[WhiteElo "2088"]
[BlackElo "2006"]
[Annotator "Kajetan Przysiecki"]
[PlyCount "94"]
[EventDate "2015.05.??"]
[EventType "swiss"]
[EventRounds "9"]
[EventCountry "POL"]
[Source "K. Przysiecki"]
[SourceDate "2015.05.25"]

1. Nf3 g6 2. c4 Bg7 3. d4 c5 4. e4 cxd4 5. Nxd4 Nc6 6. Be3 Nf6 7. Nc3 O-O 8.
Be2 d6 9. O-O Bd7 10. Qd2 a6 11. f3 Rc8 12. Rfd1 Qc7 13. Rac1 Rfe8 14. Nd5 Qd8
15. Nxc6 Rxc6 16. b4 Nxd5 17. exd5 Rc8 18. Bf1 Ba4 19. Re1 Qd7 20. Bf2 Bf6 21.
Bd3 b5 22. Bf1 bxc4 23. Bxc4 Bb5 24. Bb3 Rxc1 25. Rxc1 Rc8 26. Be3 Rxc1+ 27.
Qxc1 Qf5 28. a4 Be2 29. Kf2 Bd3 30. Qd2 h5 31. Kg1 e6 32. dxe6 d5 33. exf7+
Kxf7 34. b5 axb5 35. axb5 Bc4 36. Bc2 Qd7 37. Bd4 Bxb5 38. Bxf6 Kxf6 39. Qd4+
Kf7 40. Bb3 Bc6 41. Kf2 Kg8 42. Bc2 Qe6 43. Bd3 Be8 44. f4 Bf7 45. Bc2 Kh7 46.
Qe5 Qb6+ 47. Kf3 Qc5 1-0

[Event "IV Integracyjny Turniej Szachowy "IDEA""]
[Site "Lubiewo k/Miedzyzdrojow"]
[Date "2015.05.29"]
[Round "7.6"]
[White "Anglart, Edward"]
[Black "Dulinski, Stanislaw"]
[Result "1-0"]
[WhiteElo "1877"]
[BlackElo "1692"]
[Annotator "Kajetan Przysiecki"]
[PlyCount "95"]
[EventDate "2015.05.??"]
[EventType "swiss"]
[EventRounds "9"]
[EventCountry "POL"]
[Source "K. Przysiecki"]
[SourceDate "2015.05.25"]

1. e4 e5 2. Nf3 Nc6 3. Bb5 d6 4. d4 Bg4 5. Bxc6+ bxc6 6. dxe5 dxe5 7. Qxd8+
Rxd8 8. Nbd2 f6 9. O-O Bc5 10. a4 Ne7 11. Nb3 Bd6 12. Be3 a6 13. Nc5 Ra8 14. h3
Bc8 15. Rfd1 O-O 16. Nd2 Ng6 17. Nc4 Be7 18. Na5 Rb8 19. b3 Rb6 20. Nd7 Bxd7
21. Rxd7 Rb4 22. Nxc6 Re8 23. Nxb4 Bxb4 24. Rxc7 Nf4 25. Rd1 Re6 26. Bxf4 exf4
27. Rd8+ Bf8 28. Rcc8 Kf7 29. Rxf8+ Kg6 30. f3 Re7 31. Rc5 h6 32. h4 Kh7 33. h5
g5 34. Rxf6 Rd7 35. Rcc6 g4 36. Rxh6+ Kg7 37. Rhg6+ Kh7 38. Rxg4 a5 39. Rxf4
Kh8 40. g4 Kh7 41. Kg2 Ra7 42. Kg3 Rd7 43. g5 Kg7 44. Kg4 Kh7 45. h6 Kh8 46.
Rc8+ Kh7 47. Kh5 Rg7 48. g6+ 1-0

[Event "IV Integracyjny Turniej Szachowy "IDEA""]
[Site "Lubiewo k/Miedzyzdrojow"]
[Date "2015.05.29"]
[Round "7.7"]
[White "Pociejowski, Marek"]
[Black "Szczerbak, Stefan"]
[Result "1-0"]
[WhiteElo "1840"]
[BlackElo "1568"]
[Annotator "Kajetan Przysiecki"]
[PlyCount "105"]
[EventDate "2015.05.??"]
[EventType "swiss"]
[EventRounds "9"]
[EventCountry "POL"]
[Source "K. Przysiecki"]
[SourceDate "2015.05.25"]

1. d4 Nf6 2. c4 e6 3. Bg5 Be7 4. Nf3 d6 5. Nc3 c6 6. e4 Nbd7 7. Bd3 O-O 8. O-O
h6 9. Bh4 Qc7 10. Rc1 a6 11. Re1 Re8 12. Qc2 e5 13. h3 exd4 14. Nxd4 Nc5 15.
Bf1 Nfd7 16. Bg3 Ne5 17. f4 Ng6 18. b4 Nd7 19. Qf2 Bf8 20. h4 Nf6 21. b5 c5 22.
Nf3 Ng4 23. Qd2 axb5 24. Nxb5 Qa5 25. Qd3 Qb6 26. Nc3 Ra3 27. Rb1 Qa5 28. Rb3
Rxb3 29. axb3 Bd7 30. h5 Nh8 31. e5 Bc6 32. Nd5 dxe5 33. fxe5 Qd8 34. Qe4 Nf6
35. Nxf6+ gxf6 36. Qg4+ Bg7 37. exf6 Qxf6 38. Rxe8+ Bxe8 39. Be5 Qxe5 40. Nxe5
f6 41. Qc8 Kf8 42. Qxc5+ Kg8 43. Qc8 Kf8 44. Ng6+ Nxg6 45. hxg6 Ke7 46. Qc7+
Kf8 47. Qc8 Ke7 48. Qc7+ Kf8 49. Qd8 f5 50. c5 Be5 51. Bb5 Kg7 52. Bxe8 h5 53.
Qe7+ 1-0

[Event "IV Integracyjny Turniej Szachowy "IDEA""]
[Site "Lubiewo k/Miedzyzdrojow"]
[Date "2015.05.29"]
[Round "7.9"]
[White "Kusnierz, Janusz"]
[Black "Najdzionek, Boleslaw"]
[Result "0-1"]
[WhiteElo "1707"]
[BlackElo "1801"]
[Annotator "Kajetan Przysiecki"]
[PlyCount "58"]
[EventDate "2015.05.??"]
[EventType "swiss"]
[EventRounds "9"]
[EventCountry "POL"]
[Source "K. Przysiecki"]
[SourceDate "2015.05.25"]

1. c4 Nc6 2. Nc3 Nf6 3. Nf3 e6 4. g3 d5 5. cxd5 exd5 6. d4 Be7 7. Bg2 O-O 8.
O-O Ne4 9. Qb3 Na5 10. Qxd5 Nxc3 11. Qxd8 Nxe2+ 12. Kh1 Rxd8 13. Be3 c5 14.
dxc5 Nc6 15. Rfe1 Nxg3+ 16. fxg3 Bf6 17. Re2 Bg4 18. h3 Be6 19. a3 Bc4 20. Rf2
Rd3 21. Bf4 Rb3 22. Rc1 Bd3 23. Ne1 Bg6 24. Bd5 Rxb2 25. Rxb2 Bxb2 26. Rd1 Re8
27. Bd6 Bxa3 28. Bb3 Be4+ 29. Ng2 h6 0-1

[Event "IV Integracyjny Turniej Szachowy "IDEA""]
[Site "Lubiewo k/Miedzyzdrojow"]
[Date "2015.05.29"]
[Round "7.10"]
[White "Urban, Marek"]
[Black "Muller, Marcin"]
[Result "1-0"]
[WhiteElo "1796"]
[BlackElo "1576"]
[Annotator "Kajetan Przysiecki"]
[PlyCount "35"]
[EventDate "2015.05.??"]
[EventType "swiss"]
[EventRounds "9"]
[EventCountry "POL"]
[Source "K. Przysiecki"]
[SourceDate "2015.05.25"]

1. d4 g6 2. Nf3 Bg7 3. c4 b6 4. e4 Bb7 5. Nc3 Nf6 6. Bd3 d6 7. O-O Nbd7 8. h3
e5 9. Bg5 h6 10. Bh4 O-O 11. Re1 Qe8 12. Bc2 Nh5 13. Qe2 Nf4 14. Qf1 Nf6 15.
Rad1 g5 16. Bg3 Rc8 17. Bxf4 gxf4 18. Nh4 1-0

[Event "IV Integracyjny Turniej Szachowy "IDEA""]
[Site "Lubiewo k/Miedzyzdrojow"]
[Date "2015.05.30"]
[Round "8.1"]
[White "Seifert, Henryk"]
[Black "Szneider, Kazimierz"]
[Result "1/2-1/2"]
[WhiteElo "2157"]
[BlackElo "1748"]
[Annotator "Kajetan Przysiecki"]
[PlyCount "43"]
[EventDate "2015.05.??"]
[EventType "swiss"]
[EventRounds "9"]
[EventCountry "POL"]
[Source "K. Przysiecki"]
[SourceDate "2015.05.25"]

1. e4 e6 2. d4 d5 3. Nd2 c5 4. exd5 Qxd5 5. Ngf3 cxd4 6. Bc4 Qd8 7. O-O Nf6 8.
Nb3 Nc6 9. Nbxd4 Nxd4 10. Qxd4 Qxd4 11. Nxd4 a6 12. Bf4 Be7 13. Rfe1 O-O 14.
Rad1 Re8 15. Nb3 b5 16. Be2 Bb7 17. c3 Bd5 18. Nc1 Rec8 19. Rd3 Bc4 20. Bf3
Bxd3 21. Bxa8 Rxa8 22. Nxd3 1/2-1/2

[Event "IV Integracyjny Turniej Szachowy "IDEA""]
[Site "Lubiewo k/Miedzyzdrojow"]
[Date "2015.05.30"]
[Round "8.3"]
[White "Anglart, Edward"]
[Black "Strzelecki, Jerzy"]
[Result "0-1"]
[WhiteElo "1877"]
[BlackElo "2088"]
[Annotator "Kajetan Przysiecki"]
[PlyCount "88"]
[EventDate "2015.05.??"]
[EventType "swiss"]
[EventRounds "9"]
[EventCountry "POL"]
[Source "K. Przysiecki"]
[SourceDate "2015.05.25"]

1. e4 c5 2. Nf3 e6 3. d4 cxd4 4. Nxd4 Nc6 5. Bc4 Nf6 6. f3 Qb6 7. Nxc6 bxc6 8.
Qe2 d5 9. Bd3 a5 10. c3 Bc5 11. Nd2 a4 12. Nf1 O-O 13. Be3 dxe4 14. fxe4 e5 15.
Bxc5 Qxc5 16. Qe3 Qa5 17. h3 Rb8 18. Rb1 Be6 19. Qe2 Bxa2 20. Ra1 Be6 21. b4
Qa7 22. Ne3 Rfd8 23. O-O Nh5 24. Kh2 Nf4 25. Rxf4 exf4 26. Nc2 c5 27. Na3 cxb4
28. Nb5 Qe3 29. Bc4 Qxe2 30. Bxe2 Rd2 31. Bf1 b3 32. Rxa4 b2 33. Na3 Rd1 34.
Be2 b1=Q 35. Nxb1 Rdxb1 36. e5 g5 37. h4 h6 38. hxg5 hxg5 39. Rd4 Re1 40. Bd3
g4 41. Rxf4 Rxe5 42. Ba6 Rb3 43. c4 Re1 44. Bb5 g3# 0-1

[Event "IV Integracyjny Turniej Szachowy "IDEA""]
[Site "Lubiewo k/Miedzyzdrojow"]
[Date "2015.05.30"]
[Round "8.4"]
[White "Olszewski, Jerzy"]
[Black "Kozicz, Andrzej"]
[Result "0-1"]
[WhiteElo "1707"]
[BlackElo "2049"]
[Annotator "Kajetan Przysiecki"]
[PlyCount "114"]
[EventDate "2015.05.??"]
[EventType "swiss"]
[EventRounds "9"]
[EventCountry "POL"]
[Source "K. Przysiecki"]
[SourceDate "2015.05.25"]

1. e4 c5 2. g3 Nc6 3. Bg2 d6 4. Ne2 e6 5. O-O Nf6 6. d3 Be7 7. Nbc3 a6 8. h3
Qc7 9. Be3 b5 10. Qc1 Bb7 11. Nd1 d5 12. exd5 Nxd5 13. Bg5 Rd8 14. Bxe7 Ncxe7
15. Nec3 O-O 16. Nxd5 Nxd5 17. Ne3 Nf6 18. Qe1 Rd4 19. Qe2 Rfd8 20. Rad1 Bxg2
21. Kxg2 Qe7 22. Qf3 a5 23. b3 h6 24. Ra1 Nd5 25. Nxd5 R4xd5 26. Qe3 Rd4 27.
Kh2 Qd6 28. Rfe1 Kf8 29. Qf3 Qd5 30. Kg2 g5 31. Re2 e5 32. Qxd5 R4xd5 33. a4 b4
34. Rae1 f6 35. Kf3 Kf7 36. g4 Kg6 37. Kg3 h5 38. f3 Rh8 39. Rh2 Rd4 40. Rhe2
Rd7 41. Rh2 h4+ 42. Kf2 Rd5 43. Ke3 f5 44. Rhe2 Rf8 45. Rf2 Rdd8 46. Rfe2 fxg4
47. fxg4 Rf4 48. Rf2 Rdf8 49. Ref1 Kf6 50. Rxf4+ exf4+ 51. Kf2 Re8 52. c3 Re3
53. cxb4 cxb4 54. Rc1 Rxd3 55. Rc5 Rxb3 56. Rxa5 Ra3 57. Ra6+ Ke5 0-1

[Event "IV Integracyjny Turniej Szachowy "IDEA""]
[Site "Lubiewo k/Miedzyzdrojow"]
[Date "2015.05.30"]
[Round "8.5"]
[White "Bobrowski, Piotr"]
[Black "Pociejowski, Marek"]
[Result "1-0"]
[WhiteElo "2006"]
[BlackElo "1840"]
[Annotator "Kajetan Przysiecki"]
[PlyCount "105"]
[EventDate "2015.05.??"]
[EventType "swiss"]
[EventRounds "9"]
[EventCountry "POL"]
[Source "K. Przysiecki"]
[SourceDate "2015.05.25"]

1. c4 Nf6 2. g3 e6 3. Nc3 d5 4. cxd5 exd5 5. Bg2 Be7 6. d4 O-O 7. e3 c6 8. Nge2
Bf5 9. O-O Nbd7 10. a3 Ne4 11. Nxe4 Bxe4 12. Bxe4 dxe4 13. Nc3 Nf6 14. Qc2 Re8
15. Nxe4 Nxe4 16. Qxe4 Bxa3 17. Qc2 Be7 18. Bd2 Bf6 19. Ra4 a6 20. Re1 Qd5 21.
Ra5 Qd7 22. Rd1 Bd8 23. Raa1 Qd5 24. Bc3 h5 25. Re1 h4 26. e4 Qg5 27. f4 Qh6
28. Kg2 Bc7 29. e5 Qe6 30. f5 Qd5+ 31. Qe4 Rad8 32. b4 Bb6 33. Rad1 hxg3 34.
hxg3 Qxe4+ 35. Rxe4 Rd5 36. Rh1 f6 37. Reh4 fxe5 38. dxe5 Rdxe5 39. Bxe5 Rxe5
40. g4 Re4 41. g5 Rxh4 42. Rxh4 a5 43. bxa5 Bxa5 44. g6 Kf8 45. Re4 Bc3 46. Kf3
c5 47. Ke2 b5 48. Kd3 Bd4 49. Re6 Bf2 50. Ke4 Bd4 51. Kd5 b4 52. Kd6 b3 53. Kd7
1-0

[Event "IV Integracyjny Turniej Szachowy "IDEA""]
[Site "Lubiewo k/Miedzyzdrojow"]
[Date "2015.05.30"]
[Round "8.6"]
[White "Naruszewicz, Lukasz"]
[Black "Winiarski, Kazimierz"]
[Result "1-0"]
[WhiteElo "1769"]
[BlackElo "1929"]
[Annotator "Kajetan Przysiecki"]
[PlyCount "77"]
[EventDate "2015.05.??"]
[EventType "swiss"]
[EventRounds "9"]
[EventCountry "POL"]
[Source "K. Przysiecki"]
[SourceDate "2015.05.25"]

1. e4 e6 2. Nc3 d5 3. d4 Nf6 4. Bg5 Be7 5. e5 Nfd7 6. Bxe7 Qxe7 7. Nb5 Nb6 8.
c3 a6 9. Na3 Bd7 10. Bd3 Nc6 11. Nf3 O-O-O 12. Qe2 Nb8 13. Rc1 Bc6 14. Nc2 Qe8
15. b3 h6 16. Nb4 g5 17. Nxc6 Nxc6 18. h3 Qd7 19. b4 Na7 20. a4 Qe8 21. b5 Nxa4
22. bxa6 b5 23. Qc2 Qc6 24. Qb3 Qxa6 25. Rb1 c6 26. Qb4 Rd7 27. Ra1 Qb7 28. Nd2
Rdd8 29. Nb3 Rhe8 30. O-O Qe7 31. Rxa4 Qxb4 32. Rxb4 Kc7 33. Nc5 Nc8 34. Ra1
Kb8 35. Bxb5 cxb5 36. Rxb5+ Kc7 37. Rb7+ Kc6 38. Ra6+ Nb6 39. Raxb6# 1-0

[Event "IV Integracyjny Turniej Szachowy "IDEA""]
[Site "Lubiewo k/Miedzyzdrojow"]
[Date "2015.05.30"]
[Round "8.7"]
[White "Najdzionek, Boleslaw"]
[Black "Mirski, Jerzy"]
[Result "1-0"]
[WhiteElo "1801"]
[BlackElo "1746"]
[Annotator "Kajetan Przysiecki"]
[PlyCount "85"]
[EventDate "2015.05.??"]
[EventType "swiss"]
[EventRounds "9"]
[EventCountry "POL"]
[Source "K. Przysiecki"]
[SourceDate "2015.05.25"]

1. d4 Nf6 2. c4 e6 3. Nc3 c6 4. Nf3 d5 5. Qc2 Be7 6. e3 Nbd7 7. Be2 O-O 8. O-O
Re8 9. e4 dxe4 10. Nxe4 Nxe4 11. Qxe4 Nf6 12. Qc2 b6 13. Rd1 Bb7 14. b3 Qc7 15.
Bb2 Rad8 16. a3 Rd7 17. b4 c5 18. Ne5 Rd6 19. dxc5 Rxd1+ 20. Rxd1 bxc5 21. b5
a6 22. a4 axb5 23. axb5 Bd6 24. f4 Nd7 25. Nxd7 Qxd7 26. Be5 Rd8 27. Rxd6 Qe7
28. Rxd8+ Qxd8 29. Qd3 Qe7 30. Qd6 Qe8 31. Qxc5 Qa8 32. Qf2 f6 33. Bd6 Qa1+ 34.
Bf1 Qb1 35. c5 Bd5 36. Qe2 Qb4 37. h3 Kf7 38. b6 g6 39. Kh2 e5 40. fxe5 Qf4+
41. Kg1 Qd4+ 42. Qf2 Qc3 43. exf6 1-0

[Event "IV Integracyjny Turniej Szachowy "IDEA""]
[Site "Lubiewo k/Miedzyzdrojow"]
[Date "2015.05.30"]
[Round "8.8"]
[White "Urban, Marek"]
[Black "Krawiec, Stanislaw"]
[Result "1-0"]
[WhiteElo "1796"]
[BlackElo "1510"]
[Annotator "Kajetan Przysiecki"]
[PlyCount "38"]
[EventDate "2015.05.??"]
[EventType "swiss"]
[EventRounds "9"]
[EventCountry "POL"]
[Source "K. Przysiecki"]
[SourceDate "2015.05.25"]

1. d4 d6 2. c4 Bf5 3. Nc3 Nf6 4. Nf3 h6 5. e3 Nbd7 6. Be2 c5 7. dxc5 dxc5 8. a3
e6 9. O-O Be7 10. Nd2 O-O 11. Bf3 Qc7 12. e4 Bh7 13. b4 Rad8 14. Qe2 a6 15. Re1
g5 16. Nb3 b6 17. Be3 Bg6 18. h3 Rfe8 19. Nd2 b5 {
Ciag dalszy zapisu nieczytelny} 1-0

[Event "IV Integracyjny Turniej Szachowy "IDEA""]
[Site "Lubiewo k/Miedzyzdrojow"]
[Date "2015.05.31"]
[Round "9.1"]
[White "Najdzionek, Boleslaw"]
[Black "Seifert, Henryk"]
[Result "1/2-1/2"]
[WhiteElo "1801"]
[BlackElo "2157"]
[Annotator "Kajetan Przysiecki"]
[PlyCount "59"]
[EventDate "2015.05.??"]
[EventType "swiss"]
[EventRounds "9"]
[EventCountry "POL"]
[Source "K. Przysiecki"]
[SourceDate "2015.05.25"]

1. d4 d5 2. c4 c6 3. Nc3 Nf6 4. Nf3 e6 5. Bg5 Nbd7 6. e3 Qa5 7. Bxf6 Nxf6 8.
Qc2 Be7 9. Be2 dxc4 10. Bxc4 b5 11. Bb3 Bb7 12. O-O Rc8 13. Ne4 Nxe4 14. Qxe4
Qb6 15. Qg4 g6 16. Rac1 c5 17. dxc5 Rxc5 18. Rxc5 Bxc5 19. Rd1 O-O 20. Ne5 Bc8
21. Nd7 Bxd7 22. Rxd7 Rd8 23. Qd1 Be7 24. g3 Rxd7 25. Qxd7 Bf6 26. Qd2 Qc7 27.
Bd1 Qe5 28. b3 Qa1 29. a4 bxa4 30. bxa4 1/2-1/2